Sports Quiz

Random Sports or University Quiz
Score 0/20 Timer 05:00
0 Plays Today
Points Player % Correct
516David West
94.2%
586David West
94.2%
644David West
94.2%
718Jordan Crawford
66.3%
631Tu Holloway
61.1%
595Tu Holloway
61.1%
579Romain Sato
58.4%
514Romain Sato
58.4%
603Romain Sato
58.4%
664Trevon Bluiett
56.5%
Points Player % Correct
512Trevon Bluiett
56.1%
546J.P. Macura
49.3%
525Brian Grant
44.2%
653Lenny Brown
42.6%
512Mark Lyons
41.1%
614Lionel Chalmers
40.5%
578Semaj Christon
39.9%
609James Posey
38.9%
512Jamie Gladden
10.5%
509Jeff Massey
5.8%

You're not logged in!

Compare scores with friends on all Sporcle quizzes.
OR
Log In

Sporcle TV

Today on Sporcle TV


Watch our educational content, quiz creation guides, and fun videos on Sporcle TV.

Show Comments

Extras

Top Quizzes Today


Score Distribution

Paid Content

Your Account Isn't Verified!

In order to create a playlist on Sporcle, you need to verify the email address you used during registration. Go to your Sporcle Settings to finish the process.

Report this User

Report this user for behavior that violates our Community Guidelines.

Details: